| 000 | 00527nam a22001817a 4500 | ||
|---|---|---|---|
| 003 | LK-CoDNM | ||
| 005 | 20250224121618.0 | ||
| 008 | 250224b |||||||| |||| 00| 0 eng d | ||
| 040 |
_aLK-CoDNM _dLK-CoDNM _eLK-CoDNM |
||
| 041 | _aeng | ||
| 080 |
_aRC _b355 |
||
| 100 | _aDeraniyagala P.E.P | ||
| 245 | _aA Colored Atlas of some Vertebrates from Ceylon | ||
| 260 |
_aCeylon _bThe Ceylon Government Press _c1952 |
||
| 300 | _a149p. : ill, 24.5 cm | ||
| 650 | _aA Colored Atlas of some Vertebrates from Ceylon | ||
| 942 | _cBK | ||
| 999 |
_c238355 _d238355 |
||